8000 more things you should know: (Record no. 13418)
[ view plain ]
| 000 -LEADER | |
|---|---|
| fixed length control field | 02268nam a22003617a 4500 |
| 001 - CONTROL NUMBER | |
| control field | B-261918-923 |
| 003 - CONTROL NUMBER IDENTIFIER | |
| control field | dpl |
| 005 - DATE AND TIME OF LATEST TRANSACTION | |
| control field | 20080606122156.0 |
| 008 - FIXED-LENGTH DATA ELEMENTS--GENERAL INFORMATION | |
| fixed length control field | 080606t xxu||||| |||| 00| 0 eng d |
| 010 ## - LIBRARY OF CONGRESS CONTROL NUMBER | |
| LC control number | B-261918-923 |
| 020 ## - INTERNATIONAL STANDARD BOOK NUMBER | |
| International Standard Book Number | 81842369432 |
| Terms of availability | 495.00 |
| 035 ## - SYSTEM CONTROL NUMBER | |
| System control number | B-261918-923 |
| 037 ## - SOURCE OF ACQUISITION | |
| Source of stock number/acquisition | Super Book Distributors/22.4.08/27/8.4.08/19.5.08/495.00/ |
| 040 ## - CATALOGING SOURCE | |
| Original cataloging agency | DPL |
| Language of cataloging | EN |
| 082 ## - DEWEY DECIMAL CLASSIFICATION NUMBER | |
| Classification number | 030 |
| 245 ## - TITLE STATEMENT | |
| Title | 8000 more things you should know: |
| Remainder of title | Dinosaurs, prehistoric life, sharks, insects, birds, mammals, ancient history, modern history |
| 246 ## - VARYING FORM OF TITLE | |
| Title proper/short title | Eight thousand more things you should know: |
| Remainder of title | Dinosaurs, prehistoric life, sharks, insects, birds, mammals, ancient history, modern history |
| 260 ## - PUBLICATION, DISTRIBUTION, ETC. (IMPRINT) | |
| Place of publication, distribution, etc | Great Bardfield |
| Name of publisher, distributor, etc | Miles Kelly Publishing |
| Date of publication, distribution, etc | 2007 |
| 260 ## - PUBLICATION, DISTRIBUTION, ETC. (IMPRINT) | |
| Place of publication, distribution, etc | New Delhi |
| Name of publisher, distributor, etc | Super Book Distributors |
| 270 ## - ADDRESS | |
| Address | Bardfield Centre, |
| City | Essex CM 74 SL |
| 270 ## - ADDRESS | |
| Address | F-1/16, Basement Ansari Road, Darya Ganj |
| City | New Delhi |
| Postal code | 110002 |
| 300 ## - PHYSICAL DESCRIPTION | |
| Extent | 511p. |
| Other physical details | col. photos |
| Dimensions | 25 cm.(Hb) |
| 700 ## - ADDED ENTRY--PERSONAL NAME | |
| Personal name | Gallagher, Belinda |
| 942 ## - ADDED ENTRY ELEMENTS (KOHA) | |
| Source of classification or shelving scheme | Dewey Decimal Classification |
| Koha item type | Children Books |
| Classification part | 030 |
| Call number suffix | MOR |
| Withdrawn status | Lost status | Damaged status | Not for loan | Collection code | Home library | Current library | Date acquired | Source of acquisition | Total Checkouts | Full call number | Barcode | Date last seen | Copy number | Cost, replacement price | Price effective from | Koha item type | Cost, normal purchase price |
|---|---|---|---|---|---|---|---|---|---|---|---|---|---|---|---|---|---|
| Non-fiction | Central Library | Central Library | 02/07/2008 | 030 / MOR | B-261918 | 15/09/2008 | 495.00 | 15/09/2008 | Children Books | 495.00 | |||||||
| Non-fiction | Jor Bagh (Children Lib) | Jor Bagh (Children Lib) | 02/07/2008 | 030 / MOR | B-261921 | 15/09/2008 | 1 | 495.00 | 15/09/2008 | Children Books | 495.00 | ||||||
| Non-fiction | Karol Bagh | Karol Bagh | 02/07/2008 | 030 / MOR | B-261922 | 15/09/2008 | 1 | 495.00 | 15/09/2008 | Children Books | 495.00 | ||||||
| Non-fiction | Patel Nagar | Patel Nagar | 02/07/2008 | 030 / MOR | B-261919 | 15/09/2008 | 1 | 495.00 | 15/09/2008 | Children Books | 495.00 | ||||||
| Non-fiction | Sarojini Nagar | Sarojini Nagar | 02/07/2008 | 030 / MOR | B-261920 | 15/09/2008 | 1 | 495.00 | 15/09/2008 | Children Books | 495.00 | ||||||
| Non-fiction | Shahdara Branch | Shahdara Branch | 09/06/2008 | Super Book Distributors/24.4.08/27/8.4.08/19.5.08/495.00/ | /KAR | B-261923 | 15/09/2008 | 1 | 495.00 | 15/09/2008 | Children Books | ||||||
| Non-fiction | Vinoba Puri | Vinoba Puri | 09/09/2008 | Super Book/45019/4.8.08/214/21.7.08/13.8.08 | 030 MOR | B-284443 | 15/09/2008 | 1 | 495.00 | 15/09/2008 | Children Books | 495.00 |
